Vida del muy magnífico señor Don Cristóbal Colón / (Record no. 92694)

MARC details
000 -LEADER
fixed length control field 00683cam a2200193 4500
005 - DATE AND TIME OF LATEST TRANSACTION
control field 20250519112845.0
008 - FIXED-LENGTH DATA ELEMENTS--GENERAL INFORMATION
fixed length control field 170220b ag ||||| |||| 00| 0 spa d
050 #4 - LIBRARY OF CONGRESS CALL NUMBER
Classification number F1230
Item number C75 1947
050 04 - LIBRARY OF CONGRESS CALL NUMBER
Classification number E111
Item number M33
100 1# - MAIN ENTRY--PERSONAL NAME
Personal name Madariaga, Salvador de,
Dates associated with a name [1886-1978],
Fuller form of name Salvador de Madariaga y Rojo
245 10 - TITLE STATEMENT
Title Vida del muy magnífico señor Don Cristóbal Colón /
Statement of responsibility, etc Salvador de Madariaga.
250 ## - EDITION STATEMENT
Edition statement 4a ed.
260 ## - PUBLICATION, DISTRIBUTION, ETC. (IMPRINT)
Place of publication, distribution, etc Buenos Aires :
Name of publisher, distributor, etc Sudamericana,
Date of publication, distribution, etc 1947
300 ## - PHYSICAL DESCRIPTION
Extent 685 p. ;
Dimensions 22 cm.
504 ## - BIBLIOGRAPHY, ETC. NOTE
Bibliography, etc Incluye índices
600 17 - SUBJECT ADDED ENTRY--PERSONAL NAME
Source of heading or term LEMB
Personal name Colón, Cristobal,
Fuller form of name Cristoforo Colombo
Dates associated with a name [1451-1506]
General subdivision Biografía
651 #7 - SUBJECT ADDED ENTRY--GEOGRAPHIC NAME
Source of heading or term LEMB
Geographic name América
General subdivision Exploradores
-- Biografía
942 ## - ADDED ENTRY ELEMENTS (KOHA)
Source of classification or shelving scheme Biblioteca del Cogreso de los Estados Unidos
Koha item type Libro
Holdings
Estado de pérdida Fuente de clasificación Estado del daño No para préstamo Ubicación permanente Ubicación actual Apartado o colección Fecha de adquisición Edición Dependencia de educación superior (DES) Área del conocimiento Clasificación Código de Barras Date last seen Número de copia Tipo de recurso Nota pública
  Biblioteca del Cogreso de los Estados Unidos     Biblioteca de la Facultad de Filosofía Biblioteca de la Facultad de Filosofía Obras de consulta en el “Fondo Michoacán” 28/05/2015 4a. ed. Humanidades Educación y Humanidades F1230 C75 1947 BFF000010391 28/05/2015 C:1 Libro  
  Biblioteca del Cogreso de los Estados Unidos     Biblioteca del Instituto de Investigaciones Históricas Biblioteca del Instituto de Investigaciones Históricas General 20/02/2017 4a ed. Humanidades Educación y Humanidades E111 M33 1947 IIH000017030 20/02/2017 C: 1 Libro GENERAL